88 IAU Constellations - Statistics

General Stats
  • This quiz has been taken 24 times
  • The average score is 62 of 88
Answer Stats
Hint Answer % Correct
Princess of Ethiopia Andromeda
90%
Big Dog Canis Major
90%
Little Dog Canis Minor
90%
Crab Cancer
86%
Dragon Draco
86%
Twins Gemini
86%
Son of Zeus Hercules
86%
Lion Leo
86%
Little Lion Leo Minor
86%
The Winged Horse Pegasus
86%
Sculptor's Tools Sculptor
86%
Bull Taurus
86%
Big Bear Ursa Major
86%
Little Bear Ursa Minor
86%
Crow Corvus
81%
Cross (Southern) Crux
81%
Lynx Lynx
81%
The Hunter Orion
81%
Fishes Pisces
81%
Scorpion Scorpius
81%
Sextant Sextans
81%
Triangle Triangulum
81%
Virgin Virgo
81%
Eagle Aquila
76%
Ram Aries
76%
Giraffe Camelopardalis
76%
Queen of Ethiopia Cassiopeia
76%
Centaur Centaurus
76%
Swan Cygnus
76%
Sea Serpent Hydra
76%
Lyre Lyra
76%
Hero who saved Andromeda Perseus
76%
Serpent Serpens
76%
Southern Triangle Triangulum Australe
76%
Water Bearer Aquarius
71%
Hunting Dogs Canes Venatici
71%
Sea Monster (Whale) Cetus
71%
Berenice's hair Coma Berenices
71%
Southern Crown Corona Australis
71%
Northern Crown Corona Borealis
71%
River Eridanus
71%
Crane Grus
71%
Indian Indus
71%
Octant Octans
71%
Pheonix Pheonix
71%
Telescope Telescopium
71%
Altar Ara
67%
Charioteer Auriga
67%
Herdsman Bootes
67%
Keel of Argonauts' ship Carina
67%
King of Ethiopia Cepheus
67%
Chameleon Chamaeleon
67%
Cup Crater
67%
Lizard Lacerta
67%
Microscope Microscopium
67%
Unicorn Monoceros
67%
Peacock Pavo
67%
Southern Fish Piscis Austrinus
67%
Stern of the Argonauts' ship Puppis
67%
Arrow Sagitta
67%
Archer Sagittarius
67%
Shield Scutum
67%
Toucan Tucana
67%
Sail of the Argonauts' ship Vela
67%
Bird of Paradise Apus
62%
Sea Goat Capricornus
62%
Dove Columba
62%
Swordfish Dorado
62%
Little Horse Equuleus
62%
Clock Horologium
62%
Water Snake Hydrus
62%
Balance Libra
62%
Fly Musca
62%
Holder of Serpent Ophiuchus
62%
Easel Pictor
62%
Flying Fish Volans
62%
Fox Vulpecula
62%
Hare Lepus
57%
Compass on the Argonauts' ship Pyxis
57%
Graving Tool Caelum
52%
Porpoise Delphinus
52%
Table Mountain Mensa
52%
Compasses Circinus
48%
Carpenter's Level Norma
48%
Net Reticulum
48%
Air Pump Antila
38%
Furnace Formax
33%
Wolf Lepus
29%
No matching quizzes found
Score Distribution
Percent of People with Each Score
Percentile by Number Answered
Your Score History
You have not taken this quiz